<?xml version="1.0" encoding="UTF-8"?>
<record
    xmlns:xsi="http://www.w3.org/2001/XMLSchema-instance"
    xsi:schemaLocation="http://www.loc.gov/MARC21/slim http://www.loc.gov/standards/marcxml/schema/MARC21slim.xsd"
    xmlns="http://www.loc.gov/MARC21/slim">

  <leader>03726nam a2200409 i 4500</leader>
  <controlfield tag="001">60833</controlfield>
  <controlfield tag="003">CO-BoRNBP</controlfield>
  <controlfield tag="005">20260320211003.0</controlfield>
  <controlfield tag="007">ta</controlfield>
  <controlfield tag="008">221031s2010    ck abosgr     s  s0 spa d</controlfield>
  <datafield tag="020" ind1=" " ind2=" ">
    <subfield code="a">9789588323336</subfield>
  </datafield>
  <datafield tag="040" ind1=" " ind2=" ">
    <subfield code="a">CO-BoRNBP</subfield>
    <subfield code="b">spa</subfield>
    <subfield code="e">rda</subfield>
    <subfield code="c">CO-BoRNBP</subfield>
  </datafield>
  <datafield tag="041" ind1="0" ind2=" ">
    <subfield code="a">spa</subfield>
  </datafield>
  <datafield tag="043" ind1=" " ind2=" ">
    <subfield code="a">s-ck---</subfield>
  </datafield>
  <datafield tag="082" ind1="0" ind2="4">
    <subfield code="a">911.861</subfield>
    <subfield code="b">I57n</subfield>
    <subfield code="2">23</subfield>
  </datafield>
  <datafield tag="082" ind1="0" ind2="4">
    <subfield code="a">911.9861</subfield>
    <subfield code="b">I57n</subfield>
    <subfield code="2">23</subfield>
  </datafield>
  <datafield tag="110" ind1="2" ind2=" ">
    <subfield code="a">Instituto Geogr&#xE1;fico Agust&#xED;n Codazzi (Bogot&#xE1;, Colombia)</subfield>
    <subfield code="9">69529</subfield>
  </datafield>
  <datafield tag="245" ind1="1" ind2="0">
    <subfield code="a">Nombres geogr&#xE1;ficos de Colombia :</subfield>
    <subfield code="b">departamentos y ciudades capitales, datos pertinentes del proceso de apropiaci&#xF3;n y socializaci&#xF3;n del territorio /</subfield>
    <subfield code="c">Instituto Geogr&#xE1;fico Agust&#xED;n Codazzi ; direcci&#xF3;n y revisi&#xF3;n t&#xE9;cnica de Manuel Guillermo Beltr&#xE1;n Quec&#xE1;n ; coordinaci&#xF3;n de investigaci&#xF3;n y producci&#xF3;n de Marcela Silva Barrera.</subfield>
  </datafield>
  <datafield tag="250" ind1=" " ind2=" ">
    <subfield code="a">Primera edici&#xF3;n</subfield>
  </datafield>
  <datafield tag="264" ind1=" " ind2="1">
    <subfield code="a">Bogot&#xE1;, Colombia :</subfield>
    <subfield code="b">Instituto Geogr&#xE1;fico Agust&#xED;n Codazzi (IGAC),</subfield>
    <subfield code="c">2010.</subfield>
  </datafield>
  <datafield tag="300" ind1=" " ind2=" ">
    <subfield code="a">129 p&#xE1;ginas :</subfield>
    <subfield code="b">ilustraciones, mapas, fotograf&#xED;as a color ;</subfield>
    <subfield code="c">29 cm.</subfield>
  </datafield>
  <datafield tag="336" ind1=" " ind2=" ">
    <subfield code="a">texto</subfield>
    <subfield code="b">txt</subfield>
    <subfield code="2">rdacontent</subfield>
  </datafield>
  <datafield tag="337" ind1=" " ind2=" ">
    <subfield code="a">sin mediaci&#xF3;n</subfield>
    <subfield code="b">n</subfield>
    <subfield code="2">rdamedia</subfield>
  </datafield>
  <datafield tag="338" ind1=" " ind2=" ">
    <subfield code="a">volumen</subfield>
    <subfield code="b">nc</subfield>
    <subfield code="2">rdacarrier</subfield>
  </datafield>
  <datafield tag="500" ind1=" " ind2=" ">
    <subfield code="a">Incluye glosario.</subfield>
  </datafield>
  <datafield tag="504" ind1=" " ind2=" ">
    <subfield code="a">Incluye referencias bibliogr&#xE1;ficas p&#xE1;ginas 99-129.</subfield>
  </datafield>
  <datafield tag="520" ind1="1" ind2=" ">
    <subfield code="a">El presente libro no es un diccionario detallado como corresponde al Diccionario Geogr&#xE1;fico de Colombia, obra fundamental en la que se re&#xFA;nen y definen m&#xE1;s de 109.000 top&#xF3;nimos ubicados a lo largo y ancho del territorio colombiano. A diferencia, este libro es una completa gu&#xED;a de los top&#xF3;nimos correspondientes a la Naci&#xF3;n y a sus departamentos, tal como los reconoce la Constituci&#xF3;n Pol&#xED;tica que los rige. Por tal caracter&#xED;stica resulta de enorme inter&#xE9;s y utilidad, tanto para los estudiosos que la consultar&#xE1;n a menudo, como para los lectores desprevenidos, que van desde el estudiante que requiere datos para sus tareas e informes escolares hasta el forastero que desea informaci&#xF3;n relativa al origen y evoluci&#xF3;n de los nombres de los lugares que visita. La obra re&#xFA;ne en forma ordenada, sencilla y atractiva importantes datos pertinentes a la historia, las lenguas y la historia de cada regi&#xF3;n, informaci&#xF3;n que queda al alcance de todas las capacidades y llena un vac&#xED;o notable, tanto en los anaqueles de las bibliotecas como en las mesas y pupitres de los escolares. El nuevo texto viene a complementar la informaci&#xF3;n aportada por los atlas y diccionarios que ya ha publicado el Instituto Geogr&#xE1;fico en diversas ediciones. Por tal caracter&#xED;stica resulta de enorme inter&#xE9;s y utilidad, tanto para los estudiosos que la consultar&#xE1;n a menudo, como para los lectores desprevenidos, que van desde el estudiante que requiere datos para sus tareas e informes escolares hasta el forastero que desea informaci&#xF3;n relativa al origen y evoluci&#xF3;n de los nombres de los lugares que visita. La obra re&#xFA;ne en forma ordenada, sencilla y atractiva importantes datos pertinentes a la historia, las lenguas y la historia de cada regi&#xF3;n, informaci&#xF3;n que queda al alcance de todas las capacidades y llena un vac&#xED;o notable, tanto en los anaqueles de las bibliotecas como en las mesas y pupitres de los escolares... (Tomado de la fuente).</subfield>
  </datafield>
  <datafield tag="521" ind1=" " ind2=" ">
    <subfield code="a">Recomendado para p&#xFA;blico en general.</subfield>
  </datafield>
  <datafield tag="650" ind1="1" ind2="7">
    <subfield code="a">Geograf&#xED;a ling&#xFC;&#xED;stica</subfield>
    <subfield code="z">Colombia</subfield>
    <subfield code="2">lemb</subfield>
    <subfield code="9">69530</subfield>
  </datafield>
  <datafield tag="650" ind1="1" ind2="7">
    <subfield code="a">Nombres geogr&#xE1;ficos</subfield>
    <subfield code="z">Colombia</subfield>
    <subfield code="2">lemb</subfield>
    <subfield code="9">69531</subfield>
  </datafield>
  <datafield tag="650" ind1="1" ind2="7">
    <subfield code="a">Gentilicios</subfield>
    <subfield code="z">Colombia</subfield>
    <subfield code="2">lemb</subfield>
    <subfield code="9">69532</subfield>
  </datafield>
  <datafield tag="650" ind1="1" ind2="7">
    <subfield code="a">Toponimia</subfield>
    <subfield code="z">Colombia</subfield>
    <subfield code="2">lemb</subfield>
    <subfield code="9">69533</subfield>
  </datafield>
  <datafield tag="650" ind1="1" ind2="7">
    <subfield code="a">Geograf&#xED;a de poblaci&#xF3;n</subfield>
    <subfield code="2">lemb</subfield>
    <subfield code="x">Historia</subfield>
    <subfield code="z">Colombia</subfield>
    <subfield code="9">69534</subfield>
  </datafield>
  <datafield tag="700" ind1="1" ind2=" ">
    <subfield code="a">Beltr&#xE1;n Quec&#xE1;n, Manuel Guillermo,</subfield>
    <subfield code="e">drt</subfield>
    <subfield code="e">rev</subfield>
    <subfield code="9">69535</subfield>
  </datafield>
  <datafield tag="700" ind1="1" ind2=" ">
    <subfield code="a">Silva Barrera, Marcela,</subfield>
    <subfield code="e">coordinador</subfield>
    <subfield code="9">69536</subfield>
  </datafield>
  <datafield tag="942" ind1=" " ind2=" ">
    <subfield code="c">BK</subfield>
    <subfield code="n">0</subfield>
    <subfield code="2">ddc</subfield>
  </datafield>
  <datafield tag="999" ind1=" " ind2=" ">
    <subfield code="c">60833</subfield>
    <subfield code="d">60833</subfield>
  </datafield>
  <datafield tag="952" ind1=" " ind2=" ">
    <subfield code="0">0</subfield>
    <subfield code="1">0</subfield>
    <subfield code="2">ddc</subfield>
    <subfield code="4">0</subfield>
    <subfield code="7">0</subfield>
    <subfield code="8">GEN</subfield>
    <subfield code="a">MEMAPJGA</subfield>
    <subfield code="b">MEMAPJGA</subfield>
    <subfield code="c">GEN</subfield>
    <subfield code="d">2026-03-20</subfield>
    <subfield code="l">0</subfield>
    <subfield code="o">911.861 I57n</subfield>
    <subfield code="p">MPJG01145</subfield>
    <subfield code="r">2026-03-20 21:10:23</subfield>
    <subfield code="t">Ej.1</subfield>
    <subfield code="w">2026-03-20</subfield>
    <subfield code="y">BK</subfield>
  </datafield>
</record>
